000 00545nam a2200181Ia 4500
005 20250326140458.0
008 250326s9999 xx 000 0 und d
037 _aTextbook
040 _aFMSL
_beng
_cFMSL
041 _aeng
_2eng
084 _aX.1 M31
_qFMSL
100 _aCecco M D
_9742457
245 0 _aInternational economic adjustment: small countries and the European monetary system
_cCecco M D
260 _aOxford
_bOxford, Basil Blackwell
_c1983
300 _a264p
942 _cTB
_hX.1 M31
999 _c1286000
_d1286000